Administracion financiera/ (Registro nro. 9158)
[ vista simple ]
| 000 -LEADER | |
|---|---|
| fixed length control field | 01637nam a2200205Ia 4500 |
| 005 - FECHA Y HORA DE LA ÚLTIMA TRANSACCIÓN | |
| control field | 20230906141943.0 |
| 008 - FIXED-LENGTH DATA ELEMENTS--GENERAL INFORMATION | |
| fixed length control field | 230903s9999 xx 000 0 und d |
| 020 ## - INTERNATIONAL STANDARD BOOK NUMBER | |
| International Standard Book Number | 9701036042 |
| 040 ## - CATALOGING SOURCE | |
| Original cataloging agency | UPAN |
| Transcribing agency | Biblioteca San Vicente |
| Description conventions | RCAA2 |
| 041 ## - LANGUAGE CODE | |
| Language code of text/sound track or separate title | spa |
| 082 ## - DEWEY DECIMAL CLASSIFICATION NUMBER | |
| Classification number | 658.8 |
| Item number | O463a |
| año de publicación | 2002 |
| 100 ## - MAIN ENTRY--PERSONAL NAME | |
| Personal name | Ochoa Setzer, Guadalupe |
| Relator code | aut. |
| 245 #0 - TITLE STATEMENT | |
| Title | Administracion financiera/ |
| Remainder of title | Guadalupe Ochoa Setzer |
| 250 ## - EDITION STATEMENT | |
| Edition statement | 1° ed. |
| 260 ## - PUBLICATION, DISTRIBUTION, ETC. (IMPRINT) | |
| Place of publication, distribution, etc | Mexico: |
| Name of publisher, distributor, etc | McGraw Hill, |
| Date of publication, distribution, etc | 2002 |
| 300 ## - PHYSICAL DESCRIPTION | |
| Extent | 466 p.; |
| Dimensions | 24 cm. |
| 505 ## - FORMATTED CONTENTS NOTE | |
| Formatted contents note | Capitulo 1. Campo de acción de las finanzas <br/>Capitulo 2. Valor del dinero en el tiempo<br/>Capitulo 3. Origen y justificación del análisis financiero<br/>Capitulo 4. La información financiera: respuesta a una necesidad<br/>Capitulo 5. Estado de situación financiera o balance general<br/>Capitulo 6. Estado de resultados<br/>Capitulo 7. estado de variaciones en el capital contable<br/>Capitulo 8. Estado de cambios en la situación financiera<br/>Capitulo 9. Antecedentes de la represión de estados financieros<br/>Capitulo 10. Ajuste por cambios en el nivel general de precios<br/>Capitulo 11. Anàlisis de estados financieros<br/>Capitulo 12. Herramientas y métodos de análisis <br/>Capitulo 13. Anàlisis del retorno sobre la inversión y la utilización de los activos<br/>Capitulo 14. Anàlisis de la estructura de capital: liquidez y solvencia<br/>Capitulo 15. El analista de estados financieros <br/>Capitulo 16. Estados financieros proyectados<br/>Capitulo 17. Administración financiera a corto plazo<br/>Capitulo 18. Evaluación de proyectos de inversión<br/>Capitulo 19. Estructura de capital |
| 650 ## - SUBJECT ADDED ENTRY--TOPICAL TERM | |
| Source of heading or term | LEMB |
| General subdivision | Administración financiera |
| 942 ## - ADDED ENTRY ELEMENTS (KOHA) | |
| Koha item type | Libros |
| Source of classification or shelving scheme | Dewey Decimal Classification |
| Withdrawn status | Lost status | Source of classification or shelving scheme | Damaged status | Not for loan | Collection code | Home library | Current library | Date acquired | Total Checkouts | Full call number | Barcode | Date last seen | Copy number | Price effective from | Koha item type |
|---|---|---|---|---|---|---|---|---|---|---|---|---|---|---|---|
| Dewey Decimal Classification | Colección General | Biblioteca UPAN San Vicente | Biblioteca UPAN San Vicente | 03/09/2023 | 658.8 O463a | 12001822 | 03/09/2023 | 01 | 03/09/2023 | Libros |